[Event "Allskånskan"]
[Site "Limhamn"]
[Date "2014.03.23"]
[Round "5"]
[White "Brynell, Stellan"]
[Black "Nilsson, Patrik"]
[Result "0-1"]
[WhiteElo "2549"]
[BlackElo "2167"]

1.d4 f5 2.g3 Nf6 3.Bg2 g6 4.Nf3 Bg7 5.O-O O-O 6.b3 d6 7.Bb2 Ne4 8.Nbd2 Nc6 9.c4 Nxd2 10.Qxd2 e5 11.dxe5 dxe5 12.Qd5+ Kh8 13.Qxd8 Rxd8 14.Ng5 Re8 15.Bxc6 bxc6 16.Rad1 Bf6 17.f4 Bxg5 18.fxg5 Kg8 19.Rd2 Kf7 20.Rfd1 Ke6 21.Bc3 f4 22.gxf4 exf4 23.Rf1 Kf5 24.Rd4 Kxg5 25.Rdxf4 Kh5 26.e4 h6 27.Re1 a5 28.Kf2 a4 29.Kg3 g5 30.Rf6 axb3 31.axb3 Ra3 32.Rxc6 Rxb3 33.Re3 Bb7 34.Rxc7 Rxe4 35.Rd3 Ba6 36.Kf2 Rh4 37.h3 Rf4+ 38.Kg3 Bxc4 39.Re3 Bd5 40.Rd7 Bb7 41.Rd1 Ra4 42.Rd2 Raa3 43.Rc2 Rb1 44.Bd4 Rg1+ 45.Kh2 Rh1+ 46.Kg3 Ra4 47.Rd2 Rg1+ 48.Kh2 Rxd4 0-1